UBT Library

Kumtesa : (Record no. 148)

000 -LEADER
fixed length control field 00690nam a22001937a 4500
008 - FIXED-LENGTH DATA ELEMENTS--GENERAL INFORMATION
fixed length control field 131021b xxu||||| |||| 00| 0 alb d
020 ## - INTERNATIONAL STANDARD BOOK NUMBER
International Standard Book Number 9789951160414
041 ## - LANGUAGE CODE
Language code of text/sound track or separate title alb
041 ## - LANGUAGE CODE
Language code of text/sound track or separate title eng
080 ## - UNIVERSAL DECIMAL CLASSIFICATION NUMBER
Universal Decimal Classification number 061.3
Common auxiliary subdivision (042.3)
245 00 - TITLE STATEMENT
Title Kumtesa :
Statement of responsibility, etc [redaktor teknik Murteza Osdautaj].
260 ## -
-- Prishtinë :
-- Ministria e Arsimit, Shkencës dhe Teknologjisë,
-- 2011.
300 ## -
-- 338 f. :
-- me il.;
-- 24 cm.
500 ## -
-- Parathënia / Ramë Buja: f. [5-6]
500 ## -
-- Dy fjalë lexuesit / Murteza Osdautaj : f. [7]
650 #4 -
-- Shkenca
-- Konferenca
-- Kosovë
700 1# -
-- Osdautaj, Murteza
942 ## - ADDED ENTRY ELEMENTS (KOHA)
Source of classification or shelving scheme
Item type Books
Holdings
Withdrawn status Lost status Source of classification or shelving scheme Damaged status Not for loan Collection code Permanent location Current location Shelving location Date acquired Total Checkouts Full call number Barcode Date last seen Koha item type
          Koleksioni i përgjithshem UBT - Prishtine UBT - Prishtine Koleksioni i përgjithshem 10/21/2013   061.3 (042.3) KUM 001-000164 10/21/2013 Books
UBT Library © 2015-2024. All rights reserved University Education for Business and Technology